| 000 | 00610nam a2200181Ia 4500 | ||
|---|---|---|---|
| 008 | 151202s9999||||xx |||||||||||||| ||und|| | ||
| 082 | _bPNVM-74217 | ||
| 100 | _aबेंडखळे अशोक. | ||
| 245 | _aऐतिहासिक महाड. | ||
| 260 | _b"नवचैतन्य प्रकाशन,बोरोवली." | ||
| 260 | _c74217 | ||
| 300 | _a96 | ||
| 600 | _aबेंडखळे अशोक. | ||
| 630 | _aऐतिहासिक महाड. | ||
| 700 | _aबेंडखळे अशोक. | ||
| 730 | _aऐतिहासिक महाड. | ||
| 942 | _cBOOK | ||
| 999 |
_c1340878 _d1340875 |
||